Семантико-прагматичний аналіз англомовних рекламних повідомлень одягу британських сайтів (Запис № 284980)

МАРК-запис
000 -LEADER
fixed length control field 01775nam a22001577a 4500
041 ## - LANGUAGE CODE
Language code of text/sound track or separate title ukr
080 ## - UNIVERSAL DECIMAL CLASSIFICATION NUMBER
Universal Decimal Classification number 09
090 ## - LOCALLY ASSIGNED LC-TYPE CALL NUMBER (OCLC); LOCAL CALL NUMBER (OCLC)
Local cutter number (OCLC) ; Book number/undivided call number, CALL (RLIN) СУХ
100 ## - MAIN ENTRY--PERSONAL NAME
Personal name Сухінець І. В.
245 ## - TITLE STATEMENT
Title Семантико-прагматичний аналіз англомовних рекламних повідомлень одягу британських сайтів
260 ## - PUBLICATION, DISTRIBUTION, ETC. (IMPRINT)
Place of publication, distribution, etc Острог
Name of publisher, distributor, etc КАФ
Date of publication, distribution, etc 2012
300 ## - PHYSICAL DESCRIPTION
Extent 50
520 ## - SUMMARY, ETC.
Summary, etc ВСТУП<br/>РОЗДІЛ 1 ЛІНГВОПРАГМАТИЧНІ ТА СТРУКТУРНО-ТИПОЛОГІЧНІ ОСОБЛИВОСТІ РЕКЛАМИ ЯК ЯВИЩА ЗАСОБІВ МАСОВОЇ КОМУНІКАЦІЇ<br/>1.1 Прагмалінгвістичний аспект реклами<br/>1.2 Функціональний стиль реклами та його основні особливості<br/>1.3 Структурно-тпологічні категорії реклами<br/>1.3.1. Класифікація реклами<br/>1.3.1.2 Види реклами в мережі Інтернет<br/>1.3.2 Структура рекламного повідомлення<br/>РОЗДІЛ 2 АКТУАЛІЗАЦІЯ СЕМАНТИКО-ПРАГМАТИЧНИХ КАТЕГОРІЙ РЕКЛАМНИХ ПОВІДОМЛЕНЬ ОДЯГУ НА РІЗНИХ ЛІНГВІСТИНЧИХ РІВНЯХ<br/>2.1 Лексико-семантичні та лексико-морфологічні засоби на познічення оцінки як прагматичної категорії<br/>2.2 Адресованість реклами як прагматична категорія та її актуалізація на синтаксичному рівні<br/>ВИСНОВКИ
-- реклама, оцінкаб категорія
650 ## - SUBJECT ADDED ENTRY--TOPICAL TERM
Topical term or geographic name as entry element Research Papers
942 ## - ADDED ENTRY ELEMENTS (KOHA)
Koha item type Книги
Фонди
Withdrawn status Lost status Source of classification or shelving scheme Damaged status Not for loan Home library Current library Date acquired Source of acquisition Cost, normal purchase price Total Checkouts Full call number Barcode Date last seen Price effective from Koha item type
    Universal Decimal Classification     ВІЛ - Відділ іноземн. літератури НБ ВІЛ - Відділ іноземн. літератури НБ 18/09/2012 Акт №5 1.00   09 215003 10/11/2021 18/09/2012 Книги